| 000 | 00864cab a2200277 4500 | ||
|---|---|---|---|
| 001 | ABS47730 | ||
| 008 | 090401t1992 xxu||||| |||| 00| 0 eng d | ||
| 035 | _a(Sirsi) u63274 | ||
| 041 | _aeng | ||
| 100 | _aMartin, J. | ||
| 245 | _aKeeping your permission alive | ||
| 260 | _c1992 | ||
| 350 | _a0 | ||
| 490 |
_aEstates Gazette _v(9248) 5 December 1992, 91-107(3) |
||
| 520 | _aExamines the dilemma facing landowners and developers where their planning permission is about to expire. Refers to case law. | ||
| 650 | _aEXPIRY | ||
| 650 | _aFG WHITLEY & SONS V SOS FOR WALES | ||
| 650 | _aPLANNING AND COMPENSATION ACT 1991 | ||
| 650 | _aPLANNING CONDITIONS | ||
| 650 | _aPLANNING PERMISSION | ||
| 650 | _aRENEWAL | ||
| 650 | _aSTAFFORDSHIRE MOORLANDS DC V CARTWRIGHT | ||
| 690 | _aPLANNING LAW AND PRACTICE | ||
| 942 | _n0 | ||
| 948 | _c04/03/1997 | ||
| 999 |
_c39347 _d39347 |
||